[Event "Baden-ch U1700"]
[Site "Walldorf"]
[Date "2017.07.29"]
[Round "5"]
[White "Stillbauer, Jan"]
[Black "Hermann, Lucas"]
[Result "1/2-1/2"]
[WhiteElo "1628"]
[BlackElo "1510"]
[PlyCount "47"]
[EventDate "2017.07.26"]
[EventType "swiss"]
[EventRounds "7"]
[EventCountry "GER"]
[SourceTitle "EXT 2018"]
[Source "ChessBase"]
[SourceDate "2017.10.13"]
[SourceVersion "1"]
[SourceVersionDate "2017.10.13"]
[SourceQuality "1"]

1. e4 e5 2. Nf3 Nc6 3. Bb5 a6 4. Ba4 b5 5. Bb3 Bc5 6. 0-0 Nf6 7. Re1 d6 8. c3 0-0 9. d4 exd4 10. cxd4 Bb4 11. Nc3 h6 12. a4 Rb8 13. Qd3 Re8 14. Bd2 Bxc3 15. bxc3 Bd7 16. axb5 axb5 17. Rad1 Ne7 18. Nh4 c6 19. Bf4 Bg4 20. Nf3 Nh5 21. Bc1 Nf6 22. h3 Bh5 23. Ba3 d5 24. e5 1/2-1/2